000 00398nam a2200169Ia 4500
003 0STCL
008 150530s9999 xx 000 0 und d
040 _aSTCL
_cSTCL
100 _aGeorge Whitfield
245 _aWhitfield an introduction to drama
250 _aSecond
260 _bOxford university
_c1965
546 _aEnglish
942 _2ddc
_cBK
999 _c56456
_d56456
005 20220125171009.0